Allacciate le cinture /

Uloženo v:
Podrobná bibliografie
Hlavní autor: Catalano, Pasquale (Skladatel)
Další autoři: Arca, Francesco, (1979- ) (Herec), Minaccioni, Paola (Herec), Lai, Alessandro (costumista), Romoli, Gianni (Producent, výrobce, Scénárista), Ranieri, Luisa, (1973- ) (Herec), Scianna, Francesco, (1982- ) (Herec), Michelini, Giulia, (1985- ) (Herec), Crescentini, Carolina (Herec), Ozpetek, Ferzan (Autor filmového scénáře atd., Režisér, Scénárista), Ricci, Elena Sofia (Herec), Corsi, Tilde (Producent, výrobce), Corticelli, Gianfilippo (Fotograf), Signoris, Carla (Herec), Smutniak, Kasia (Herec), Schicchitano, Filippo (Herec)
Médium: Video
Jazyk:italština
Vydáno: [Roma] : Rai Cinema : 01 Distribution, ©2014
Tagy: Přidat tag
Žádné tagy, Buďte první, kdo vytvoří štítek k tomuto záznamu!

MARC

LEADER 00000ngm a22000007i 4500
001 IT\ICCU\LO1\1532545
003 ItRI
005 20260124182822.0
008 140908s2014 it |||||||||||||||k|||||c
024 3 1 |a 8032807055701 
028 4 2 |a 05570  |b 01 Distribution 
040 |b ita 
041 7 |a ita  |2 ISO-639-2 
130 0 |a Allacciate le cinture <film ; 2014>  |3 IT\ICCU\LO1\1532550 
245 0 0 |a Allacciate le cinture /  |c regia di Ferzan Ozpetek ; scritto da Gianni Romoli e Ferzan Ozpetek ; fotografia Gian Filippo Corticelli ; musiche Pasquale Catalano ; costumi Alessandro Lai ; prodotto da Tilde Corsi, Gianni Romoli. 
260 |a [Roma] :  |b Rai Cinema :  |b 01 Distribution,  |c ©2014 
300 |a 1 DVD-Video (ca. 106 min.) :  |b color., sonoro ;  |c in contenitore, 19x14x2 cm 
500 |a Caratteristiche tecniche: regione 2; PAL; 2.35:1 anamorfico; Dolby digital 5.1 
500 |a Lingue: italiano; sottotitoli: italiano per non udenti, inglese 
500 |a Titolo del contenitore 
500 |a Interpreti: Kasia Smutniak, Francesco Arca, Filippo Scicchitano, Carolina Crescentini, Francesco Scianna, Carla Signoris, Elena Sofia Ricci, Paola Minaccioni, Giulia Michelini, Luisa Ranieri 
500 |a Produzione cinematografica: Italia, 2014 
500 |a Contenuti extra: commento al film di Ferzan Ozpetek e Gianni Romoli, backstage, scene tagliate ed estese, trailer. 
700 1 |a Arca, Francesco,  |d  (1979- )  |0 IT\ICCU\CAGV\706777  |4 act 
700 1 |a Minaccioni, Paola  |0 IT\ICCU\LO1V\407908  |4 act 
700 1 |a Lai, Alessandro  |c  (costumista)  |0 IT\ICCU\MODV\639398 
700 1 |a Romoli, Gianni  |0 IT\ICCU\RAVV\054362  |4 pro 
700 1 |a Romoli, Gianni  |0 IT\ICCU\RAVV\054362  |4 sce 
700 1 |a Ranieri, Luisa,  |d  (1973- )  |0 IT\ICCU\RAVV\329306  |4 act 
700 1 |a Scianna, Francesco,  |d  (1982- )  |0 IT\ICCU\RAVV\347276  |4 act 
700 1 |a Michelini, Giulia,  |d  (1985- )  |0 IT\ICCU\RAVV\439992  |4 act 
700 1 |a Crescentini, Carolina  |0 IT\ICCU\RAVV\532491  |4 act 
700 1 |a Ozpetek, Ferzan  |0 IT\ICCU\REAV\096588  |4 aus 
700 1 |a Ozpetek, Ferzan  |0 IT\ICCU\REAV\096588  |4 drt 
700 1 |a Ozpetek, Ferzan  |0 IT\ICCU\REAV\096588  |4 sce 
700 1 |a Ricci, Elena Sofia  |0 IT\ICCU\TO0V\426799  |4 act 
700 1 |a Corsi, Tilde  |0 IT\ICCU\TO0V\474319  |4 pro 
700 1 |a Corticelli, Gianfilippo  |0 IT\ICCU\UBOV\548035  |4 pht 
700 1 |a Signoris, Carla  |0 IT\ICCU\UBOV\781728  |4 act 
700 1 |a Catalano, Pasquale  |0 IT\ICCU\UBOV\783848  |4 cmp 
700 1 |a Smutniak, Kasia  |0 IT\ICCU\UBOV\892385  |4 act 
700 1 |a Schicchitano, Filippo  |0 IT\ICCU\URBV\395086  |4 act 
710 2 |a Rai Cinema  |0 IT\ICCU\UBOV\404761  |4 pbl 
790 1 |a Özpetek, Ferzan  |3 IT\ICCU\CFIV\339778  |z Ozpetek, Ferzan 
790 1 |a Özpetek, Ferzan  |3 IT\ICCU\CFIV\339778  |z Ozpetek, Ferzan 
790 1 |a Özpetek, Ferzan  |3 IT\ICCU\CFIV\339778  |z Ozpetek, Ferzan 
790 1 |a Barucchieri, Elena Sofia  |3 IT\ICCU\SBNV\026631  |z Ricci, Elena Sofia 
790 1 |a Corticelli, Gian Filippo  |3 IT\ICCU\SBNV\028278  |z Corticelli, Gianfilippo 
942 |2 ddc  |c VM  |n 0 
952 |0 0  |1 0  |4 0  |6 VO_2165_000000000000000  |7 0  |9 26875  |a BO  |b BO  |d 2026-01-24  |i 17640  |l 0  |o VO 2165  |p BO17640  |r 2026-01-24 18:28:22  |w 2026-01-24  |x [Sebina 5] [1 dvd]  |y VM  |z 1 dvd 
999 |c 22731  |d 22731